Score 0/20 Timer 02:00
2 Plays Today
Scrambled Name Answer % Correct
QACKUQuack
99.1%
IRANTTrain
98.4%
ELHLOHello
97.6%
ENENPPenne
96%
LOGVEGlove
94.8%
RTAHEEarth
93.8%
IONNOOnion
92.8%
APMLEMaple
91.6%
RHSOEHorse
90.8%
TATELLatte
90.8%
Scrambled Name Answer % Correct
ANEBSBeans
90.1%
NALKEAnkle
89.5%
ROGVEGrove
89.2%
GAELEEagle
84.6%
SAOSIOasis
80.2%
RECEPCreep
80%
FOCERForce
79.2%
VINALAnvil
75.8%
AKIHKKhaki
73.7%
RINOSIrons
45.7%

You're not logged in!

Compare scores with friends on all Sporcle quizzes.
OR
Log In

Sporcle TV

Today on Sporcle TV


Watch our educational content, quiz creation guides, and fun videos on Sporcle TV.

Show Comments

Extras

Top Quizzes Today


Score Distribution

Paid Content

Your Account Isn't Verified!

In order to create a playlist on Sporcle, you need to verify the email address you used during registration. Go to your Sporcle Settings to finish the process.

Report this User

Report this user for behavior that violates our Community Guidelines.

Details: